El Programa Nacional de Jornaleros Agrícolas: una evaluación /
में बचाया:
| मुख्य लेखक: | |
|---|---|
| अन्य लेखक: | , |
| स्वरूप: | मूलपाठ |
| विषय: | |
| टैग: |
टैग जोड़ें
कोई टैग नहीं, इस रिकॉर्ड को टैग करने वाले पहले व्यक्ति बनें!
|
MARC
| LEADER | 00000 a a2200000 04500 | ||
|---|---|---|---|
| 001 | 3544 | ||
| 003 | |||
| 040 | |||
| 100 | |a Barrón Pérez, María Antonieta | ||
| 245 | |a El Programa Nacional de Jornaleros Agrícolas: una evaluación / |c María Antonieta Barrón Pérez ; José Manuel Hernández Trujillo ; Angel Enríquez Rangel | ||
| 650 | |a TRABAJADORES AGRICOLAS | ||
| 650 | |a PROGRAMAS GUBERNAMENTALES | ||
| 650 | |a POLITICA SOCIAL | ||
| 650 | |a EVALUACION DE PROGRAMAS | ||
| 700 | |a Hernández Trujillo, José Manuel | ||
| 700 | |a Enríquez Rangel, Angel | ||
| 773 | |g volumen 53, número 2; páginas 150-158 | ||
| 999 | |c 38417 |d 38417 | ||
